Pays médaillés olympiques en patinage artistique - Statistiques

Statistiques générales
  • Ce quiz a été pris 446 fois
    363 depuis la dernière actualisation
  • Le résultat moyen est 18 sur 24
Statistiques - réponses
Or Argent Bronze Pays % Correct
1 0 0 Empire Russe
98%
15 16 20 États-Unis
98%
3 3 7 France
98%
14 9 3 Russie
97%
3 3 1 Japon
95%
6 11 12 Canada
94%
1 3 4 Chine
91%
8 7 9 Allemagne
88%
0 0 2 Italie
84%
5 3 2 Suède
79%
0 0 1 Espagne
76%
5 3 7 Grande Bretagne
75%
3 2 1 Norvege
75%
1 1 0 Finlande
73%
0 2 1 Suisse
72%
1 1 0 Corée du sud
70%
7 9 4 Autriche
67%
1 0 1 Belgique
63%
1 2 0 Pays-bas
62%
1 0 1 Ukraine
62%
0 2 4 Hongrie
53%
13 10 6 Union Sovietique
45%
0 0 1 Kazakhstan
25%
1 1 3 Tchécoslovaquie
25%
Aucun quiz correspondant
Distribution des résultats
% des personnes avec chaque résultat
Percentile par nombre de réponses
Votre historique - résultats
Vous n’avez pas pris ce quiz depuis la dernière actualisation